Resiliencia en el aula, un camino posible / (Record no. 177116)
[ view plain ]
| 000 -CABECERA | |
|---|---|
| campo de control de longitud fija | 02780nam a2200361Ia 4500 |
| 001 - NÚMERO DE CONTROL | |
| campo de control | dia_5964 |
| 003 - IDENTIFICADOR DEL NÚMERO DE CONTROL | |
| campo de control | CHAP |
| 005 - FECHA Y HORA DE LA ÚLTIMA TRANSACCIÓN | |
| campo de control | 20230324135439.0 |
| 007 - CAMPO FIJO DE DESCRIPCIÓN FÍSICA--INFORMACIÓN GENERAL | |
| campo de control de longitud fija | ta |
| 008 - DATOS DE LONGITUD FIJA--INFORMACIÓN GENERAL | |
| campo de control de longitud fija | 220117s2011 ag fr 001 0 spa d |
| 010 ## - NÚMERO DE CONTROL DE LA BIBLIOTECA DEL CONGRESO | |
| Número de control de LC | 177116 |
| 020 ## - NÚMERO INTERNACIONAL ESTÁNDAR DEL LIBRO | |
| Número Internacional Estándar del Libro | 978-950-507-829-5 |
| 040 ## - FUENTE DE LA CATALOGACIÓN | |
| Centro/agencia transcriptor | CHAP |
| Centro catalogador/agencia de origen | mxchpua |
| 050 ## - SIGNATURA TOPOGRÁFICA DE LA BIBLIOTECA DEL CONGRESO | |
| Número de clasificación | BF723.R46 |
| Número de documento/Ítem | .S56 2011 |
| 082 ## - NÚMERO DE LA CLASIFICACIÓN DECIMAL DEWEY | |
| Número de clasificación | 370.153 |
| Número de documento/Ítem | S56 2011 |
| Número de edición | 20 |
| 100 1# - ENTRADA PRINCIPAL--NOMBRE DE PERSONA | |
| Nombre de persona | Simpson, María Gabriela |
| 9 (RLIN) | 160262 |
| Término indicativo de función/relación | autora |
| 245 10 - MENCIÓN DE TÍTULO | |
| Título | Resiliencia en el aula, un camino posible / |
| Mención de responsabilidad, etc. | María Gabriela Simpson |
| 250 ## - MENCIÓN DE EDICIÓN | |
| Mención de edición | 4a edición |
| 264 ## - PRODUCCIÓN, PUBLICACIÓN, DISTRIBUCIÓN, FABRICACIÓN Y COPYRIGHT | |
| Producción, publicación, distribución, fabricación y copyright | Buenos Aires, Argentina : |
| Nombre del de productor, editor, distribuidor, fabricante | Bonum, |
| Fecha de producción, publicación, distribución, fabricación o copyright | 2011 |
| 300 ## - DESCRIPCIÓN FÍSICA | |
| Extensión | 107 páginas |
| 504 ## - NOTA DE BIBLIOGRAFÍA, ETC. | |
| Nota de bibliografía, etc. | Bibliografía: páginas 95-98 |
| 520 2# - SUMARIO, ETC. | |
| Sumario, etc. | En tiempos en que la cultura provoca niveles alarmantes de cansancio y de presión en grandes y chicos, es muy oportuno recibir un libro que trata, precisamente, de la herramienta básica de cada ser humano: su capacidad de "resiliencia" para superar estos males. Se trata de hallar el camino que nos permita encontrar fuerzas que nos reorganicen para retomar la vida diaria, cuando pasamos por esos malos momentos de las frustraciones o de los problemas que tienden a hacer- nos bajar los brazos.<br/>Escrito con profundo conocimiento del tema y con la suficiente cercanía humana como para transmitir entusiasmo al emprender la tarea de formar y vivir nuestra capacidad de resiliencia, este material es altamente recomendable como un auténtico libro guía o de cabecera. Si "educar es generar autoestima", como ha escrito Julio César Labaké, generar resiliencia es dar las herramientas para rehacer nuestra confianza en que la vida es posible aun en medio de las mayores dificultades. Un libro que hará bien a los docentes y a los padres, y por ellos a los alumnos y a los hijos.<br/>María Gabriela Simpson Periodista, grafoanalista, licenciada en Gestión de Instituciones Educativas, docente en el nivel universitario y de posgrado, codirectora de GIRA. Realiza actividades de formación y capacitación docente y profesional, dirección y coordinación de proyectos de trabajo e investigación, consultoría y análisis institucional. Autora de Resiliencia sociocultural, del yo puedo al nosotros podemos;11 claves para generar resiliencia y Resiliencia y currículum escolar, una alianza innovadora. |
| 650 13 - PUNTO DE ACCESO ADICIONAL DE MATERIA--TÉRMINO DE MATERIA | |
| Término de materia o nombre geográfico como elemento de entrada | Psicología infantil |
| 9 (RLIN) | 134157 |
| 650 13 - PUNTO DE ACCESO ADICIONAL DE MATERIA--TÉRMINO DE MATERIA | |
| Término de materia o nombre geográfico como elemento de entrada | Child psychology |
| 9 (RLIN) | 160263 |
| 650 13 - PUNTO DE ACCESO ADICIONAL DE MATERIA--TÉRMINO DE MATERIA | |
| Término de materia o nombre geográfico como elemento de entrada | Resiliencia (Rasgos de personalidad) |
| 9 (RLIN) | 160266 |
| 650 13 - PUNTO DE ACCESO ADICIONAL DE MATERIA--TÉRMINO DE MATERIA | |
| Término de materia o nombre geográfico como elemento de entrada | Resiliencia (Rasgos de personalidad) en niños |
| 9 (RLIN) | 160267 |
| 650 13 - PUNTO DE ACCESO ADICIONAL DE MATERIA--TÉRMINO DE MATERIA | |
| Término de materia o nombre geográfico como elemento de entrada | Resilience (Personality trait) |
| 9 (RLIN) | 160264 |
| 650 13 - PUNTO DE ACCESO ADICIONAL DE MATERIA--TÉRMINO DE MATERIA | |
| Término de materia o nombre geográfico como elemento de entrada | Resilience (Personality trait) in children |
| 9 (RLIN) | 160265 |
| 942 ## - ELEMENTOS DE PUNTO DE ACCESO ADICIONAL (KOHA) | |
| Tipo de ítem Koha | Libro |
| Fuente del sistema de clasificación o colocación | Dewey Decimal Classification |
| 901 ## - ELEMENTOS DE DATOS A LOCAL LDA (RLIN) | |
| a | 370.153 S56 2011 |
| 902 ## - ELEMENTOS DE DATOS B LOCAL, LDB (RLIN) | |
| a | M |
| 905 ## - ELEMENTOS DE DATOS E LOCAL, LDE (RLIN) | |
| a | 5232272011 ag n 8222123322spa16 |
| Estado de retiro | Estado de pérdida | Fuente del sistema de clasificación o colocación | Estado dañado | Restricciones de uso | No para préstamo | Código de colección | Localización permanente | Ubicación/localización actual | Fecha de adquisición | Número de inventario | Total de préstamos | Signatura topográfica completa | Código de barras | Fecha visto por última vez | Fecha del último préstamo | Número de copia | Precio válido a partir de | Tipo de ítem Koha |
|---|---|---|---|---|---|---|---|---|---|---|---|---|---|---|---|---|---|---|
| Dewey Decimal Classification | Préstamo interno | General | Ingenieria Agroindustrial | Ingenieria Agroindustrial | 05/12/2013 | Consumo | 3 | 370.153 S56 2011 | 1102009367 | 26/05/2022 | 26/05/2022 | Ej. 1 | 18/01/2022 | Libro |
